[Event "KP 2024/25,Jiskra N. Bydzov-SK Jicin B"]
[Site "?"]
[Date "2025.02.02"]
[Round "7.1"]
[White "Kohout, Martin"]
[Black "Urban, Zdenek"]
[Result "0-1"]
[WhiteElo "2019"]
[BlackElo "2155"]
[Annotator "user"]
[PlyCount "78"]
[EventDate "2025.??.??"]
[TimeControl "900+10"]

{600MB, Fritz10.ctg} 1. e4 c5 2. Nf3 e6 3. Nc3 Nc6 4. Bb5 Nge7 5. O-O a6 6.
Bxc6 Nxc6 7. d4 cxd4 8. Nxd4 Be7 9. Nxc6 dxc6 10. Bf4 f6 11. Qh5+ g6 12. Qh6
Kf7 13. Rad1 Qf8 14. Qh4 h5 15. Qg3 e5 16. Be3 h4 17. Qf3 b5 18. Qe2 Be6 19. b3
g5 20. f3 Rd8 21. h3 Bb4 22. Nb1 Qe7 23. Rxd8 Rxd8 24. Rd1 a5 25. Rxd8 Qxd8 26.
c3 Be7 27. Nd2 a4 28. c4 Qa5 29. cxb5 cxb5 30. Qd3 Qb4 31. Kh2 a3 32. Qc2 Qd6
33. Nb1 Kg6 34. Qd2 Qxd2 35. Bxd2 b4 36. Kg1 Bxb3 37. Nxa3 Bc5+ 38. Kf1 bxa3
39. axb3 a2 0-1

[Event "KP 2024/25,Jiskra N. Bydzov-SK Jicin B"]
[Site "?"]
[Date "2025.02.02"]
[Round "7.2"]
[White "Sadek, Vojtech"]
[Black "Prazak, Matous"]
[Result "1/2-1/2"]
[WhiteElo "1986"]
[BlackElo "1960"]
[Annotator "user"]
[PlyCount "99"]
[EventDate "2025.??.??"]
[TimeControl "900+10"]

{600MB, Fritz10.ctg} 1. e4 d6 2. d4 Nf6 3. Nc3 Nbd7 4. Bc4 e5 5. Nf3 Be7 6. Ng5
O-O 7. Bxf7+ Rxf7 8. Ne6 Qe8 9. Nxc7 Qd8 10. Nxa8 b6 11. O-O Ba6 12. Nxb6 Qxb6
13. Re1 exd4 14. Na4 Qa5 15. b3 Nc5 16. Nxc5 dxc5 17. Bd2 Qc7 18. c3 Bd6 19. h3
Re7 20. cxd4 cxd4 21. Rc1 Qb8 22. Bg5 Nxe4 23. Bh4 d3 24. Rc6 Bh2+ 25. Kh1 Bb5
26. Rc5 Re5 27. Rxe5 Qxe5 28. f3 Ng3+ 29. Kxh2 Ne2+ 30. Kh1 Qe3 31. Rxe2 dxe2
32. Qd8+ Be8 33. Qd5+ Kh8 34. Qe4 Qxe4 35. fxe4 Bg6 36. e5 Kg8 37. Kg1 Kf7 38.
Kf2 Bd3 39. Ke3 Ba6 40. Kd2 Bb7 41. g4 Ke6 42. Bf2 a6 43. Kxe2 Kxe5 44. Kd3 Bg2
45. h4 Bh3 46. Bd4+ Kf4 47. Bxg7 Kxg4 48. Bf6 Kf5 49. Bc3 Ke6 50. Kd4 1/2-1/2

[Event "KP 2024/25,Jiskra N. Bydzov-SK Jicin B"]
[Site "?"]
[Date "2025.02.02"]
[Round "7.3"]
[White "Vanicek, Vojtech"]
[Black "Pochinkov, Andrey"]
[Result "1-0"]
[WhiteElo "1902"]
[BlackElo "2041"]
[Annotator "user"]
[PlyCount "73"]
[EventDate "2025.??.??"]
[TimeControl "900+10"]

{600MB, Fritz10.ctg} 1. e4 c5 2. Nf3 d6 3. d4 cxd4 4. Nxd4 Nf6 5. Nc3 g6 6. Be3
Bg7 7. f3 O-O 8. Qd2 Nc6 9. Bc4 Bd7 10. O-O-O Rb8 11. h4 Ne5 12. Bb3 b5 13. h5
Nc4 14. Bxc4 bxc4 15. hxg6 fxg6 16. Kb1 Qb6 17. b3 cxb3 18. cxb3 Qb4 19. Bh6
Bxh6 20. Rxh6 Rbc8 21. Kb2 Rc5 22. Qe3 Rf7 23. Nc2 Qb6 24. Qd4 Qc7 25. Nb4 Rg5
26. Qd2 Qc5 27. Nbd5 Nxd5 28. Nxd5 Re5 29. Rc1 Qb5 30. Rc7 Bc6 31. a4 Rxd5 32.
exd5 Qxd5 33. Qc3 Bb7 34. Rh4 e5 35. Rxf7 Qxf7 36. Rc4 Bd5 37. Rc8+ 1-0

[Event "KP 2024/25,Jiskra N. Bydzov-SK Jicin B"]
[Site "?"]
[Date "2025.02.02"]
[Round "7.4"]
[White "Zakoucka, Adela"]
[Black "Mrazek, Vladimir"]
[Result "1-0"]
[WhiteElo "1911"]
[BlackElo "1831"]
[Annotator "user"]
[PlyCount "43"]
[EventDate "2025.??.??"]
[TimeControl "900+10"]

{600MB, Fritz10.ctg} 1. e4 c6 2. d4 d5 3. exd5 cxd5 4. c4 Nf6 5. Nc3 Nc6 6. c5
e5 7. dxe5 Nxe5 8. Be3 Be7 9. Be2 O-O 10. Nf3 Nxf3+ 11. Bxf3 Be6 12. O-O Qd7
13. Rc1 Rfd8 14. Ne2 Rac8 15. a3 Bg4 16. Bxg4 Nxg4 17. Bd4 Bf6 18. Bxf6 Nxf6
19. Nd4 Re8 20. Qf3 Ne4 21. Nf5 Rxc5 22. Qg4 1-0

[Event "KP 2024/25,Jiskra N. Bydzov-SK Jicin B"]
[Site "?"]
[Date "2025.02.02"]
[Round "7.5"]
[White "Bednar, Milos"]
[Black "Cernoch, Vit"]
[Result "1-0"]
[WhiteElo "1846"]
[BlackElo "1936"]
[Annotator "user"]
[PlyCount "49"]
[EventDate "2025.??.??"]
[TimeControl "900+10"]

{600MB, Fritz10.ctg} 1. e4 e6 2. d4 d5 3. exd5 exd5 4. Nf3 Nf6 5. Bd3 Bd6 6.
Qe2+ Qe7 7. Qxe7+ Bxe7 8. Bf4 c6 9. O-O O-O 10. Re1 Bd8 11. Nbd2 Bg4 12. Ne5
Bb6 13. Nxg4 Nxg4 14. Nf3 Nd7 15. Re7 Ngf6 16. Bf5 Bd8 17. Rxd7 Nxd7 18. Bxd7
Bb6 19. Re1 Rfd8 20. Re7 c5 21. Bd6 cxd4 22. Ng5 h6 23. Nxf7 Rf8 24. Nxh6+ Kh7
25. Nf5 1-0

[Event "KP 2024/25,Jiskra N. Bydzov-SK Jicin B"]
[Site "?"]
[Date "2025.02.02"]
[Round "7.6"]
[White "Sajdl, Jan"]
[Black "Vanek, Jiri"]
[Result "1-0"]
[WhiteElo "1899"]
[BlackElo "1804"]
[Annotator "user"]
[PlyCount "61"]
[EventDate "2025.??.??"]
[TimeControl "900+10"]

{600MB, Fritz10.ctg} 1. d4 d5 2. Bf4 Nf6 3. Nf3 Nc6 4. e3 e6 5. Nbd2 Be7 6. c3
O-O 7. Bd3 h6 8. e4 dxe4 9. Nxe4 Nd5 10. Bd2 f5 11. Ng3 Bd6 12. O-O Kh8 13. Re1
Qf6 14. Nh5 Qf7 15. Ne5 Nxe5 16. dxe5 Bc5 17. b4 Be7 18. a3 c5 19. c4 Nc7 20.
Be2 b6 21. Nf4 Kh7 22. Bh5 Qg8 23. Ng6 Re8 24. Qf3 Rb8 25. Qc6 Na6 26. b5 Bb7
27. Qd7 Bc8 28. Qxa7 Rb7 29. Qxa6 Rd7 30. Qxb6 Rxd2 31. Red1 1-0

[Event "KP 2024/25,Jiskra N. Bydzov-SK Jicin B"]
[Site "?"]
[Date "2025.02.02"]
[Round "7.7"]
[White "Vanicek, Lukas"]
[Black "Rydl, Jan"]
[Result "1/2-1/2"]
[WhiteElo "1815"]
[BlackElo "1832"]
[Annotator "user"]
[PlyCount "64"]
[EventDate "2025.??.??"]
[TimeControl "900+10"]

{600MB, Fritz10.ctg} 1. f4 g6 2. e4 Bg7 3. Nf3 d5 4. exd5 Qxd5 5. Qe2 Bg4 6.
Nc3 Qa5 7. Qb5+ Qxb5 8. Bxb5+ c6 9. Be2 Nd7 10. d3 e6 11. Be3 Bxf3 12. Bxf3 Ne7
13. Ne4 Nf5 14. Bf2 Ke7 15. c3 Rhd8 16. g4 Nd6 17. Bh4+ f6 18. O-O-O h6 19.
Nxd6 Kxd6 20. Rhe1 Re8 21. d4 Nb6 22. Be4 f5 23. Bf3 Nd5 24. Bg3 Kd7 25. h4 Bf6
26. g5 Be7 27. Re2 Bd6 28. Bxd5 exd5 29. Rde1 Rxe2 30. Rxe2 hxg5 31. hxg5 Rh8
32. Rh2 Rxh2 1/2-1/2

[Event "KP 2024/25,Jiskra N. Bydzov-SK Jicin B"]
[Site "?"]
[Date "2025.02.02"]
[Round "7.8"]
[White "Jakubec, Vit"]
[Black "Rozenek, Roman"]
[Result "0-1"]
[WhiteElo "1472"]
[BlackElo "1821"]
[Annotator "user"]
[PlyCount "116"]
[EventDate "2025.??.??"]
[TimeControl "900+10"]

{600MB, Fritz10.ctg} 1. e4 d5 2. exd5 Qxd5 3. Nc3 Qa5 4. Bc4 Nf6 5. h3 Bf5 6.
Nge2 Nbd7 7. O-O e6 8. d3 c6 9. a3 Bd6 10. Bf4 Bxf4 11. Nxf4 O-O-O 12. Nh5 Bxh3
13. Nxf6 gxf6 14. gxh3 Rhg8+ 15. Kh2 Qf5 16. f4 Rg6 17. Qf3 Kc7 18. Rg1 Ne5 19.
Qe4 Qxe4 20. Nxe4 Nf3+ 21. Kh1 Nxg1 22. Rxg1 f5 23. Rxg6 hxg6 24. Ng5 Rd7 25.
Kg2 Kd6 26. b4 b5 27. Bb3 Re7 28. d4 f6 29. Nf3 a5 30. c3 Re8 31. Kf2 axb4 32.
axb4 Ra8 33. Ke2 Ra3 34. Nd2 Ra1 35. h4 Rc1 36. Kd3 Rh1 37. Nf3 Rh3 38. Ke3 Rg3
39. Bd1 Kd5 40. Bb3+ Kd6 41. Bd1 Rh3 42. Ke2 Rg3 43. Ke3 Rg2 {[%emt 0:00:00]}
44. Be2 {[%emt 0:00:00]} Kd5 45. Nd2 Rh2 46. Nf3 Rh1 47. Kd3 Ra1 48. Nd2 Rg1
49. Nf3 Ra1 50. Nd2 e5 51. fxe5 fxe5 52. dxe5 Kxe5 53. Nf3+ Kf4 54. Kd4 Rh1 55.
Kd3 Rh3 56. c4 Rxf3+ 57. Bxf3 Kxf3 58. cxb5 cxb5 0-1

[Event "KP 2024/25,Panda RK B-SK Lomnice"]
[Site "Rychnov nad Kněžnou, Czech R"]
[Date "2025.02.16"]
[Round "8.1"]
[White "Horak, Jan"]
[Black "Novotny, Jaroslav"]
[Result "1-0"]
[WhiteElo "2149"]
[BlackElo "2150"]
[Annotator "user"]
[PlyCount "107"]
[EventDate "2025.??.??"]

{[%evp 0,107,29,29,20,-18,-18,-3,16,16,14,-2,6,-6,-6,-1,-2,-8,-19,-25,1,1,1,1,
49,42,42,29,43,34,34,34,59,59,62,72,72,72,72,73,73,73,70,74,66,71,79,21,26,26,
26,26,25,10,43,33,38,17,22,28,29,14,12,4,41,40,34,29,31,8,29,36,36,24,24,13,10,
10,23,24,23,-23,-17,-18,-19,-19,0,0,0,0,0,0,0,0,32,37,55,77,74,64,64,64,92,71,
75,81,71,67,1002,1002]} 1. Nf3 d5 2. g3 Nf6 3. Bg2 e6 4. O-O Bd6 5. d3 O-O 6.
Nbd2 Nc6 7. e4 dxe4 8. dxe4 e5 9. Qe2 Re8 10. c3 a5 11. Nc4 Bf8 12. Rd1 Qe7 13.
Bg5 h6 14. Bxf6 Qxf6 15. Ne3 Be6 16. Qb5 Reb8 17. Nd5 Bxd5 18. exd5 Ne7 19. Re1
Ng6 20. Nd2 Qa6 21. Qxa6 Rxa6 22. Be4 Ne7 23. Bd3 Rd6 24. Rxe5 Rxd5 25. Rxd5
Nxd5 26. Nc4 b6 27. Rd1 Nf6 28. h3 Bc5 29. Kg2 Kf8 30. a4 Rd8 31. Kf3 Nd7 32.
Bc2 Ke7 33. Rd5 f6 34. Be4 Nf8 35. Rxd8 Kxd8 36. Bf5 Ke7 37. Ke2 g6 38. Bd3 g5
39. Bf5 Ne6 40. Bxe6 Kxe6 41. f3 h5 42. g4 hxg4 43. fxg4 f5 44. gxf5+ Kxf5 45.
Kf3 Bg1 46. b4 axb4 47. cxb4 Bd4 48. a5 bxa5 49. bxa5 Ke6 50. Ke4 Bg1 51. a6
Ba7 52. Na3 c6 53. Nc4 Bg1 54. Ne3 1-0

[Event "KP 2024/25,Panda RK B-SK Lomnice"]
[Site "Rychnov nad Kněžnou, Czech R"]
[Date "2025.02.16"]
[Round "8.2"]
[White "Duczynski, Martin"]
[Black "Zelba, Lukas"]
[Result "1/2-1/2"]
[WhiteElo "2089"]
[BlackElo "2083"]
[PlyCount "76"]
[EventDate "2025.??.??"]

1. d4 d5 2. Bg5 c5 3. dxc5 f6 4. Be3 e5 5. c3 a5 6. g3 Be6 7. Bg2 Nc6 8. Na3 f5
9. Nf3 Be7 10. Qa4 Bd7 11. Qb3 Nf6 12. O-O-O Qc8 13. Nb5 a4 14. Qa3 O-O 15. Nd6
Bxd6 16. cxd6 d4 17. Bd2 Ne4 18. Rhf1 b5 19. Kb1 b4 20. cxb4 Qb7 21. Ne1 Nxd6
22. Bd5+ Kh8 23. Rc1 Qb5 24. Qf3 e4 25. Bxc6 exf3 26. Bxb5 Bxb5 27. Nxf3 Bxe2
28. Nxd4 Bd3+ 29. Nc2 Bxf1 30. Rxf1 Nb5 31. a3 Rad8 32. Be3 Kg8 33. Bc5 Rfe8
34. Ne3 f4 35. gxf4 Re4 36. f5 Kf7 37. f3 Rh4 38. Rf2 Re8 1/2-1/2

[Event "KP 2024/25,Panda RK B-SK Lomnice"]
[Site "Rychnov nad Kněžnou, Czech R"]
[Date "2025.02.16"]
[Round "8.3"]
[White "Kroulik, Vaclav"]
[Black "Blazek, Dusan"]
[Result "1-0"]
[WhiteElo "1993"]
[BlackElo "2073"]
[Annotator "user"]
[PlyCount "103"]
[EventDate "2025.??.??"]

{[%evp 0,103,26,19,79,65,75,69,88,59,53,45,46,49,46,41,50,51,46,54,44,-11,35,
-31,33,-40,40,-60,-9,-68,62,26,24,45,39,46,44,53,61,10,7,27,16,21,23,29,30,33,
33,24,36,29,38,36,41,38,34,21,49,27,22,22,22,32,34,27,38,25,35,22,14,9,75,30,
55,78,80,104,111,111,141,157,160,167,188,126,150,155,156,166,166,181,166,174,
416,450,621,709,856,925,960,960,1088,1173,1252,1255]} 1. e4 d6 2. d4 Nf6 3. Nc3
e5 4. Nf3 Nbd7 5. Bc4 Be7 6. O-O O-O 7. h3 c6 8. a4 b6 9. Be3 Bb7 10. Qb1 a6
11. b4 b5 12. Bb3 Qc7 13. Qa2 h6 14. Rfe1 bxa4 15. Qxa4 d5 16. exd5 cxd5 17.
dxe5 Qxc3 18. exf6 Nxf6 19. Bd2 Qc7 20. Bf4 Bd6 21. Bxd6 Qxd6 22. Rad1 Qc7 23.
Qa5 Qxa5 24. bxa5 Rfe8 25. Nd4 Rxe1+ 26. Rxe1 Re8 27. Rxe8+ Nxe8 28. f3 Nd6 29.
Kf2 Kf8 30. Ke3 Ke7 31. Kd3 g6 32. Kc3 Ne8 33. Kb4 Kd6 34. c4 Ke5 35. Ne2 d4
36. Bc2 g5 37. Kc5 Nf6 38. Kb6 Bc8 39. Bd3 h5 40. Kc7 Be6 41. h4 Ne8+ 42. Kc6
Nd6 43. hxg5 Bxc4 44. f4+ Ke6 45. Nxd4+ Ke7 46. Nf5+ Nxf5 47. Bxc4 Ne3 48. Bxa6
Nxg2 49. Bc8 Nxf4 50. a6 Nd3 51. a7 Nb4+ 52. Kc5 1-0

[Event "KP 2024/25,Panda RK B-SK Lomnice"]
[Site "Rychnov nad Kněžnou, Czech R"]
[Date "2025.02.16"]
[Round "8.4"]
[White "Volman, Vaclav"]
[Black "Kacirek, Pavel"]
[Result "1-0"]
[WhiteElo "1975"]
[BlackElo "1947"]
[Annotator "user"]
[PlyCount "85"]
[EventDate "2025.??.??"]

{[%evp 0,85,21,16,16,16,63,14,60,60,44,59,49,61,55,55,119,83,80,56,56,64,57,60,
67,70,70,67,69,68,68,68,79,72,63,52,37,71,50,17,12,22,41,55,39,51,81,-58,-64,
-53,-63,-63,-63,-63,-58,-60,-37,-32,-22,-30,-34,-20,-33,-39,-19,-48,-16,-70,
-134,-121,-93,-83,-102,-109,-122,-106,-91,-102,52,22,39,39,0,0,0,0,131,135]} 1.
d4 d5 2. Nf3 c6 3. c3 Bg4 4. Bf4 Nd7 5. Nbd2 Bxf3 6. Nxf3 e6 7. e3 f5 8. a4
Ngf6 9. h3 Ne4 10. Bd3 Be7 11. a5 b5 12. axb6 axb6 13. O-O b5 14. Qc2 O-O 15.
b3 Qb6 16. c4 b4 17. Bxe4 fxe4 18. Ne5 Nxe5 19. Bxe5 Ra3 20. Rab1 Qa6 21. cxd5
cxd5 22. Qc7 Bf6 23. Bd6 Rc8 24. Qd7 Rd8 25. Qxe6+ Kh8 26. Qxd5 Qxd6 27. Qxe4
Qd5 28. Qxd5 Rxd5 29. Rfc1 Kg8 30. Rc4 Be7 31. e4 Rda5 32. e5 Ra1 33. Rcc1 Rxb1
34. Rxb1 Kf7 35. f4 Ke6 36. Kf2 Kd5 37. Rc1 Ra2+ 38. Kf3 Rb2 39. Rc7 Rxb3+ 40.
Kg4 Bf8 41. Rf7 Kxd4 42. Rxf8 g6 43. Rd8+ 1-0

[Event "KP 2024/25,Panda RK B-SK Lomnice"]
[Site "Rychnov nad Kněžnou, Czech R"]
[Date "2025.02.16"]
[Round "8.5"]
[White "Novotny, Josef"]
[Black "Blaha, Milan"]
[Result "0-1"]
[WhiteElo "1939"]
[BlackElo "1940"]
[Annotator "user"]
[PlyCount "46"]
[EventDate "2025.??.??"]

{[%evp 0,46,21,30,27,-38,-16,-43,-35,-35,-35,-35,-33,-24,5,-32,-9,-24,28,-21,
-21,-18,-2,-15,-32,-32,0,-3,-3,-44,20,21,37,-48,-47,-61,-80,-68,-117,-132,-183,
-309,-404,-518,-603,-752,-762,-784,-812]} 1. e3 e5 2. d3 Nf6 3. g4 h6 4. Bg2 d5
5. h3 Bd6 6. Ne2 Nc6 7. Nd2 Qe7 8. a3 Bd7 9. b4 a5 10. b5 Nd8 11. a4 c6 12. c4
O-O 13. cxd5 Nxd5 14. Nc4 Bb4+ 15. Bd2 cxb5 16. Bxd5 bxc4 17. dxc4 Bc6 18. Nc3
Ne6 19. Qf3 Ng5 20. Qg2 e4 21. Ke2 Bxc3 22. Bxc3 Bxd5 23. cxd5 Qc5 0-1

[Event "KP 2024/25,Panda RK B-SK Lomnice"]
[Site "?"]
[Date "2025.02.16"]
[Round "8.6"]
[White "Laska, Tomas"]
[Black "Daniel, Jiri"]
[Result "1/2-1/2"]
[WhiteElo "1941"]
[BlackElo "1944"]
[Annotator "user"]
[PlyCount "70"]
[EventDate "2024.??.??"]
[SourceVersionDate "2014.01.26"]

{[%evp 0,70,19,18,83,78,73,54,94,53,57,54,42,43,146,61,66,63,68,52,81,38,38,38,
39,27,22,22,13,1,6,-5,-7,-8,-8,-12,-10,0,0,-7,-7,0,0,0,0,0,0,0,0,0,0,0,0,0,47,
47,47,40,59,36,34,22,49,27,23,0,27,-45,0,-5,-3,-50,0]} 1. e4 g6 2. d4 Bg7 3.
Nc3 c5 4. Nf3 cxd4 5. Nxd4 Nc6 6. Be3 e6 7. Qd2 Nge7 8. Be2 O-O 9. Nxc6 dxc6
10. Qxd8 Rxd8 11. O-O b6 12. a4 Bb7 13. a5 c5 14. f3 Bd4 15. Kf2 Nc6 16. a6 Bc8
17. Bxd4 Nxd4 18. Rfd1 Bd7 19. Bd3 Bc6 20. e5 Rac8 21. Ne4 c4 22. Nf6+ Kg7 23.
Bxc4 Nxc2 24. Rac1 Rxd1 25. Rxd1 Nb4 26. Rd4 Nd5 27. Bxd5 exd5 28. Ke3 Rd8 29.
Rb4 d4+ 30. Kd3 h5 31. h4 Kf8 32. Rb3 Ke7 33. Ne4 Ke6 34. Ng5+ Ke7 35. Ne4 Ke6
1/2-1/2

[Event "KP 2024/25,Panda RK B-SK Lomnice"]
[Site "?"]
[Date "2025.02.16"]
[Round "8.7"]
[White "Cermak, Miroslav"]
[Black "Pospisil, Jiri"]
[Result "1/2-1/2"]
[WhiteElo "1886"]
[BlackElo "1825"]
[Annotator "user"]
[PlyCount "72"]
[EventDate "2025.??.??"]

{[%evp 0,72,21,16,16,-28,35,27,32,-40,-21,-12,0,-19,7,-9,-7,0,-11,-18,-12,-12,
-19,-41,-49,-57,-57,-67,-68,-73,-62,-65,-4,-3,16,-15,23,17,11,-1,24,10,37,54,
37,-2,4,2,40,41,50,57,63,0,0,-14,-19,-19,-14,-23,-29,-191,-101,-91,-84,-76,-21,
-45,3,-90,-108,-156,-69,-69,-81]} 1. d4 d5 2. Bg5 c5 3. e3 Nc6 4. c3 cxd4 5.
exd4 Bf5 6. Bd3 Qd7 7. Qe2 Bxd3 8. Qxd3 Qg4 9. Qg3 Qxg3 10. hxg3 f6 11. Bf4 e5
12. dxe5 fxe5 13. Be3 Nf6 14. Nf3 Ng4 15. Nbd2 Nxe3 16. fxe3 Bc5 17. Ke2 O-O-O
18. b4 Bd6 19. b5 Ne7 20. Ng5 Nf5 21. Rh3 Rd7 22. Rf1 Nh6 23. e4 Be7 24. Ne6 d4
25. cxd4 exd4 26. Nxg7 d3+ 27. Kd1 Ng4 28. Nf5 Bc5 29. Nc4 Nf2+ 30. Kd2 Nxh3
31. gxh3 Bb4+ 32. Kd1 Rhd8 33. b6 a6 34. Nfe3 Rd4 35. e5 Rg8 36. g4 Rf8 1/2-1/2

[Event "KP 2024/25,Panda RK B-SK Lomnice"]
[Site "?"]
[Date "2025.02.16"]
[Round "8.8"]
[White "Hyska, Pavel"]
[Black "Mares, Ilja"]
[Result "1-0"]
[WhiteElo "1848"]
[BlackElo "1839"]
[Annotator "user"]
[PlyCount "123"]
[EventDate "2025.??.??"]
[SourceVersionDate "2025.02.16"]

{[%evp 0,123,30,16,69,64,74,57,80,66,75,38,62,18,29,7,0,3,-6,5,6,32,30,30,29,
-27,-12,-16,6,9,9,1,-6,-13,-4,3,6,-24,-16,-7,3,-10,-17,-10,3,-3,-7,-60,-36,-48,
-17,-17,1,-80,-32,-107,-114,-152,-5,-46,-29,-37,-37,-42,-44,-71,-105,-89,-123,
-210,-196,-256,-263,-264,-272,-353,-329,-338,-336,-357,-304,-337,-254,-320,
-319,-439,-453,-452,-423,-433,48,54,39,45,39,28,25,19,19,0,125,42,-3,0,-22,-23,
0,0,0,0,0,0,0,0,0,-668,1016,1016,1016,1016,1016,1032,1032,1032,29957,29962]} 1.
e4 d6 2. d4 Nf6 3. Nc3 g6 4. Be3 Bg7 5. Qd2 c6 6. Bh6 O-O 7. O-O-O b5 8. Bd3 b4
9. Nce2 Qa5 10. Kb1 Ba6 11. Bxg7 Kxg7 12. c4 bxc3 13. Qxc3 Qxc3 14. Nxc3 Bxd3+
15. Rxd3 Nbd7 16. f3 Rfb8 17. Nge2 a5 18. Kc2 Nb6 19. b3 Nfd7 20. Rb1 Rc8 21.
Kd2 Rc7 22. Nd1 a4 23. Nc1 axb3 24. Rdxb3 Nc4+ 25. Kd3 d5 26. Ne3 Na3 27. R1b2
dxe4+ 28. fxe4 c5 29. Rb7 Rac8 30. Nd5 Rxb7 31. Rxb7 Rd8 32. Kc3 cxd4+ 33. Kxd4
e6 34. Rb3 Nc2+ 35. Kc3 Rc8+ 36. Kb2 exd5 37. exd5 Nd4 38. Rb4 Nf5 39. Nd3 Nd6
40. a4 Kf8 41. a5 Nc4+ 42. Rxc4 Rxc4 43. Kb3 Rd4 44. Nb4 Ke7 45. Nc6+ Kd6 46.
Nxd4 Kxd5 47. Nc2 Kc5 48. Ka4 f5 49. Nb4 f4 50. Na6+ Kc4 51. Nc7 g5 52. Ne6
Nc5+ 53. Nxc5 Kxc5 54. Kb3 g4 55. Kc3 h5 56. Kd3 h4 57. Ke4 h3 58. gxh3 gxh3
59. Kxf4 Kb5 60. Kg4 Kxa5 61. Kxh3 Kb6 62. Kg4 1-0

[Event "KP 2024/25,SK Lipa B-J. Horice"]
[Site "?"]
[Date "2025.02.16"]
[Round "8.1"]
[White "Kracik, Tomas"]
[Black "Kulhanek, Jachym"]
[Result "1/2-1/2"]
[WhiteElo "2160"]
[BlackElo "1972"]
[PlyCount "20"]
[EventDate "2025.??.??"]

1. Nf3 c5 2. g3 Nc6 3. Bg2 d6 4. O-O g6 5. c3 Bg7 6. Na3 Nf6 7. Nc2 O-O 8. b3
a5 9. Bb2 Ra6 10. d4 b5 1/2-1/2

[Event "KP 2024/25,SK Lipa B-J. Horice"]
[Site "?"]
[Date "2025.02.16"]
[Round "8.2"]
[White "Stejskal, Michal"]
[Black "Szucs, Matyas"]
[Result "0-1"]
[WhiteElo "1925"]
[BlackElo "2107"]
[PlyCount "106"]
[EventDate "2025.??.??"]

1. d4 h5 2. e4 g6 3. Nf3 c6 4. Bd3 d5 5. e5 Nh6 6. Bg5 Na6 7. c3 Nc7 8. Qc2 Bf5
9. Nbd2 Ne6 10. Be3 Bxd3 11. Qxd3 Nf5 12. O-O-O Qd7 13. h3 h4 14. Rdg1 O-O-O
15. Nf1 Kb8 16. Kb1 c5 17. g4 hxg3 18. Nxg3 c4 19. Qc2 Nh4 20. Qe2 Ng7 21. Bf4
Ka8 22. Bg5 Nhf5 23. Nf1 Rb8 24. e6 Qxe6 25. Qxe6 Nxe6 26. Ne5 Nxg5 27. Rxg5
Rh7 28. Nd7 Bh6 29. Nxb8 Bxg5 30. Nd7 Bf4 31. Kc2 b6 32. Nd2 Bxd2 33. Kxd2 Kb7
34. Ne5 g5 35. Ke2 f6 36. Ng4 Kc6 37. Kf3 Kd6 38. Kg2 Nh4+ 39. Kg3 Ng6 40. Re1
Nf4 41. Rh1 Rh4 42. Ne3 e6 43. Ng4 Ke7 44. Ne3 f5 45. Ng2 Nh5+ 46. Kh2 Re4 47.
Re1 Rxe1 48. Nxe1 Kf6 49. Nf3 Nf4 50. Kg3 Ne2+ 51. Kg2 Nc1 52. Ne5 Nxa2 53. Kf3
Nc1 0-1

[Event "KP 2024/25,SK Lipa B-J. Horice"]
[Site "?"]
[Date "2025.02.16"]
[Round "8.3"]
[White "Safarik, Jakub"]
[Black "Hrnciarik, Karel"]
[Result "1-0"]
[WhiteElo "2148"]
[BlackElo "1936"]
[PlyCount "83"]
[EventDate "2025.??.??"]

1. c4 e5 2. g3 Nf6 3. Bg2 Nc6 4. Nc3 Be7 5. e3 O-O 6. Nge2 d6 7. d4 exd4 8.
exd4 Bf5 9. O-O Qd7 10. Qa4 a6 11. Be3 Bh3 12. d5 Ne5 13. Qxd7 Bxd7 14. b3 Nfg4
15. Bd4 f5 16. h3 Nh6 17. f4 Ng6 18. Nc1 Kf7 19. Nd3 Rfe8 20. Rfe1 Bf6 21. Bxf6
Kxf6 22. Kf2 b6 23. Bf3 Nf8 24. Rxe8 Rxe8 25. Re1 Rxe1 26. Nxe1 a5 27. Nc2 Nf7
28. Nd4 Ke7 29. g4 fxg4 30. hxg4 g5 31. f5 Ne5 32. Ne6 Nxe6 33. dxe6 Be8 34.
Nd5+ Kd8 35. f6 Bg6 36. f7 Bxf7 37. exf7 Nxf7 38. Be4 h6 39. Bf5 Ne5 40. Ke3
Nc6 41. Ke4 Ne5 42. Be6 1-0

[Event "KP 2024/25,SK Lipa B-J. Horice"]
[Site "?"]
[Date "2025.02.16"]
[Round "8.4"]
[White "Matonoha, Ctirad"]
[Black "Sedivy, Martin"]
[Result "1/2-1/2"]
[WhiteElo "1963"]
[BlackElo "2137"]
[PlyCount "42"]
[EventDate "2025.??.??"]

1. e4 e5 2. Nf3 Nc6 3. Bc4 Bc5 4. Nc3 Nf6 5. d3 d6 6. h3 Na5 7. Bg5 Nxc4 8.
dxc4 Be6 9. Qd3 Bb4 10. Nd2 Bxc3 11. Qxc3 h6 12. Be3 b6 13. O-O-O Nd7 14. f4 f6
15. f5 Bf7 16. g4 Qe7 17. h4 O-O-O 18. Rdg1 g6 19. Qd3 Rdg8 20. Qe2 c6 21. Qf3
g5 1/2-1/2

[Event "KP 2024/25,SK Lipa B-J. Horice"]
[Site "?"]
[Date "2025.02.16"]
[Round "8.5"]
[White "Vasatko, Martin"]
[Black "Kohout, Jan"]
[Result "1/2-1/2"]
[WhiteElo "1951"]
[BlackElo "1918"]
[PlyCount "32"]
[EventDate "2025.??.??"]

1. e4 c5 2. Nf3 d6 3. d4 cxd4 4. Nxd4 Nf6 5. Nc3 a6 6. Bg5 e6 7. f4 b5 8. e5
dxe5 9. fxe5 Qc7 10. Bxf6 gxf6 11. exf6 Qe5+ 12. Be2 Bb7 13. Nf3 Bxf3 14. gxf3
Bb4 15. Qd3 Bxc3+ 16. bxc3 Nd7 1/2-1/2

[Event "KP 2024/25,SK Lipa B-J. Horice"]
[Site "?"]
[Date "2025.02.16"]
[Round "8.6"]
[White "Lustinec, Vladimir"]
[Black "Jedlicka, Lubos"]
[Result "0-1"]
[WhiteElo "1906"]
[BlackElo "2123"]
[PlyCount "116"]
[EventDate "2025.??.??"]

1. e4 c5 2. Nf3 d6 3. c4 e5 4. Nc3 g6 5. d3 Bg7 6. Be2 Ne7 7. O-O O-O 8. Ne1
Nbc6 9. Nc2 Rb8 10. Ne3 Nd4 11. a4 a6 12. Ned5 Nec6 13. Be3 Be6 14. f4 f5 15.
Bf3 Nxf3+ 16. Rxf3 Nd4 17. Rf1 Qh4 18. Bf2 Qh6 19. Be3 Qh4 20. Bf2 Qd8 21. Rb1
Bxd5 22. Nxd5 exf4 23. Nxf4 fxe4 24. Nd5 exd3 25. Qxd3 Qd7 26. b3 Rbe8 27. Rbe1
Qg4 28. h3 Qg5 29. Rxe8 Rxe8 30. Bxd4 Bxd4+ 31. Kh1 Rf8 32. Rxf8+ Kxf8 33. Qf3+
Kg7 34. Nf4 Qe7 35. Nd3 h5 36. g4 hxg4 37. hxg4 b6 38. Kg2 Qg5 39. Nf4 Qe5 40.
Qb7+ Kh6 41. Qf3 Qe1 42. Nh3 Qd2+ 43. Kf1 Qc1+ 44. Kg2 Qd2+ 45. Kf1 Qh2 46.
Qf8+ Bg7 47. Qf4+ Qxf4+ 48. Nxf4 Kg5 49. Ne6+ Kf6 50. Nc7 Ke5 51. Ke2 Bh6 52.
Kd3 Kf4 53. Nd5+ Kxg4 54. Nxb6 Kf3 55. Nd5 g5 56. b4 cxb4 57. Nxb4 g4 58. Nc2
g3 0-1

[Event "KP 2024/25,SK Lipa B-J. Horice"]
[Site "?"]
[Date "2025.02.16"]
[Round "8.7"]
[White "Sucharda, David"]
[Black "Kopecky, Petr"]
[Result "1-0"]
[WhiteElo "2090"]
[BlackElo "1872"]
[PlyCount "65"]
[EventDate "2025.??.??"]

1. d4 d5 2. Bf4 c6 3. e3 Bf5 4. c4 e6 5. Nc3 Bd6 6. Bg3 Bxg3 7. hxg3 Nf6 8. Nf3
h6 9. Qb3 Qc7 10. Rc1 Nbd7 11. cxd5 exd5 12. Nxd5 Nxd5 13. Qxd5 Be6 14. Qb5 Nf6
15. a3 Ne4 16. Qe5 Qxe5 17. Nxe5 O-O 18. Bd3 Bd5 19. f3 Nd6 20. Kf2 Rfe8 21.
Rc3 f6 22. Ng6 Bf7 23. g4 Rad8 24. Rhc1 Rd7 25. b4 a6 26. a4 Red8 27. Nh4 Kf8
28. Nf5 Be8 29. Rc5 g6 30. Nxh6 Rh7 31. g5 f5 32. g4 fxg4 33. Nxg4 1-0

[Event "KP 2024/25,SK Lipa C-J. Jaromer"]
[Site "?"]
[Date "2025.02.16"]
[Round "8.1"]
[White "Jirasek, Pavel"]
[Black "Hubka, Lubos"]
[Result "1-0"]
[WhiteElo "2276"]
[BlackElo "1999"]
[PlyCount "81"]
[EventDate "2025.??.??"]
[SourceVersionDate "2025.02.16"]

1. c4 Nf6 2. g3 c6 3. Bg2 d5 4. Nf3 Bf5 5. Qb3 Qb6 6. d3 e6 7. Be3 Qxb3 8. axb3
a6 9. Bd4 Nbd7 10. Bc3 Bd6 11. Nh4 Bg6 12. Nxg6 hxg6 13. b4 O-O 14. Nd2 e5 15.
Nb3 Rfe8 16. O-O Rac8 17. Rfd1 Bf8 18. Na5 Rc7 19. e4 Nb6 20. Re1 d4 21. Bd2
Nfd7 22. c5 Nc8 23. Bh3 Na7 24. f4 Nb5 25. Nc4 f6 26. Re2 Nb8 27. fxe5 fxe5 28.
Rf2 Nd7 29. Bg5 Be7 30. Be6+ Kh7 31. Bd2 Bf6 32. Bg4 Nf8 33. h4 Ne6 34. Kg2
Rce7 35. Rh1 Kg8 36. h5 g5 37. h6 Rf8 38. Nxe5 Bxe5 39. Bxe6+ Rxe6 40. h7+ Kh8
41. Rxf8# 1-0